Panduan ringkas penubuhan dan perlaksanaan sistem kualiti MS ISO 9000 dalam organisasi pendidikan / (Record no. 3022)

000 -LEADER
fixed length control field nam a22 a 4500
003 - CONTROL NUMBER IDENTIFIER
control field AKMAL
005 - DATE AND TIME OF LATEST TRANSACTION
control field 20170519091433.0
008 - FIXED-LENGTH DATA ELEMENTS--GENERAL INFORMATION
fixed length control field 170519s1999 my 00 may d
020 ## - INTERNATIONAL STANDARD BOOK NUMBER
International Standard Book Number 9676109622 (kkt.):
Terms of availability RM 18.00
040 ## - CATALOGING SOURCE
Original cataloging agency AKMAL
082 04 - DEWEY DECIMAL CLASSIFICATION NUMBER
Classification number 658.1 HAI
Edition number 21
090 00 - LOCALLY ASSIGNED LC-TYPE CALL NUMBER (OCLC); LOCAL CALL NUMBER (RLIN)
Classification number (OCLC) (R) ; Classification number, CALL (RLIN) (NR) 658.1
Local cutter number (OCLC) ; Book number/undivided call number, CALL (RLIN) HAI
245 10 - TITLE STATEMENT
Title Panduan ringkas penubuhan dan perlaksanaan sistem kualiti MS ISO 9000 dalam organisasi pendidikan /
Statement of responsibility, etc. Hairuddin Mohd. Ali, Muhammad Bustaman Hj. Abdul Manaf, Mohd Al Shaari Mohd Ramli
260 ## - PUBLICATION, DISTRIBUTION, ETC.
Place of publication, distribution, etc. Kuala Lumpur :
Name of publisher, distributor, etc. Utusan Publications & Distributors,
Date of publication, distribution, etc. 1999
300 00 - PHYSICAL DESCRIPTION
Extent 135ms. :
Other physical details il. ;
Dimensions 22cm
504 ## - BIBLIOGRAPHY, ETC. NOTE
Bibliography, etc. note Mengandungi rujukan bibliografi
599 ## - LOCAL NOTE
Local Note DALAM PROSES
650 #0 - SUBJECT ADDED ENTRY--TOPICAL TERM
Topical term or geographic name entry element School management and organisation
General subdivision Standards
9 (RLIN) 6307
650 #0 - SUBJECT ADDED ENTRY--TOPICAL TERM
Topical term or geographic name entry element ISO 9000 Series Standards
9 (RLIN) 546
700 0# - ADDED ENTRY--PERSONAL NAME
Personal name Muhammad Bustaman Hj. Abdul Manaf
9 (RLIN) 6308
700 0# - ADDED ENTRY--PERSONAL NAME
Personal name Mohd Al Shaari Mohd Ramli
9 (RLIN) 6309
942 ## - ADDED ENTRY ELEMENTS (KOHA)
Source of classification or shelving scheme
Koha item type Book
Holdings
Withdrawn status Lost status Source of classification or shelving scheme Damaged status Not for loan Collection code Home library Current library Shelving location Date acquired Inventory number Total Checkouts Full call number Barcode Date last seen Price effective from Koha item type
          NON-FICTION AKMAL Melaka AKMAL Melaka PINJAMAN 19.05.2017 692031   658.1 HAI 201703878 19.05.2017 19.05.2017 Book
          NON-FICTION AKMAL Melaka AKMAL Melaka PINJAMAN 19.05.2017 692034   658.1 HAI 201703877 19.05.2017 19.05.2017 Book
Pusat Sumber Maklumat Dato' Haji Sarmin Md Hussin, Akademi Kastam Diraja Malaysia, Melaka
Tel: 06-2331106 | Faks: 06-2313787